Piłkarze Reprezentacji Nigru - nagła śmierć - Statystyki

Ogólne statystyki
  • Ten quiz został rozwiązany 6 razy
  • Średni wynik to 3 z 9
Answers on the Grid
Answers color-coded by a green-red scale on the quiz's grid according to % correct below.
Fouad Bachirou
Hervé Lybohy
Shimelis Bekele
Youssouf Oumarou
Mohamed Wonkoye
Molla Wagué
Rahim Alhassane
Evan N’Dicka
Oumar Sako
Daniel Sosah
Christophe Nduwarugira
Victorien Adebayor
Moussa Maâzou
Issa Djibrilla
 
Statystyki odpowiedzi
Odpowiedź % Poprawnych
Rahim Alhassane
67%
Youssouf Oumarou
67%
Hervé Lybohy
33%
Moussa Maâzou
33%
Daniel Sosah
17%
Issa Djibrilla
17%
Mohamed Wonkoye
17%
Oumar Sako
17%
Victorien Adebayor
17%
Nie znaleziono quizów pasujących do podanych kryteriów
Rozkład punktacji
Procent ludzi z każdym wynikiem
Percentyl według liczby udzielonych odpowiedzi
Twoja historia wyników
Nie rozwiązałeś tego quizu